000
00250 a2200109 4500
001
50879
040
_c
Anchieta - Pituba
240
1
0
_a
Aula da paixão 2008
_l
245
1
0
_a
Aula da paixão 2008
650
4
_a
Línguas espanhola e portuguesa
942
_c
MX
999
_c
50879
_d
50879